000
00342nam a22001577a 4500
003
MACL
005
20151120154739.0
008
151120b xxu||||| |||| 00| 0 eng d
040
_c
MACL
041
_a
English
082
_a
900
100
_a
Ashraf,Jaweed
_9
17640
245
_a
Great Mughals
650
_a
History
_9
17641
942
_2
ddc
_c
BK
999
_c
50760
_d
50760